00872nam a2200265Ia 450000100060000000300090000600800410001504000130005604000130006904100130008210000110009510000290010624500610013524500610019625000110025726000110026826000320027926000490031130000430036050000900040365000280049365000310052170000250055270000290057733080IT-RoPAU130308s9999 xx 000 0 und d aIT-RoPAU cIT-RoPAU aITALIANO aAA.VV. gCodice Aut. SPICS: 12000 aCollezioni d'arte della biblioteca reale di Torino (Le) bCollezioni d'arte della Biblioteca Reale di torino (Le) a1a ed. aTORINO bIstituto Bancario San Paolo c1985 [1° Ed.:1985 - Ed.Ling.Originale:1985] a"240 p. (prefazione: no ; testo: 240)" aSaggi di Autori vari Disegni incisioni manoscritti figurati fotografie di Mario Serra aSAGGI SULLE ARTI VISIVE eCodice materia Spics: 5011 aSciolla Gianni Carlo gCodice Aut. SPICS: 14548